000 01397cam a22003611a 4500
001 2986
003 BD-RjUL
005 20211208233644.0
008 131217r19461944 enk b 001 0 eng
035 _a(BD-RjUL)3014
035 _a(OCoLC)519109
040 _aDLC
_cOClU
_dOCoLC
_dTNJ
_dTxKT
_dDLC
_dBD-RjUL
_beng
041 _aeng
082 _a338
_bBIM 1946
100 1 _aBienstock, Gregory,
_d1885-1954.
_99508
245 1 0 _aManagement in Russian industry and agriculture /
_cGregory Bienstock, Solomon M. Schwarz, and Aaron Yugow ; edited by Arthur Feiler and Jacob Marschak.
260 _aLondon :
_aNew York :
_bOxford University Press,
_cc1944 [Reprint 1946].
300 _axxxii, 198 p. ;
_c22 cm.
504 _a"Titles of Russian periodicals": p. 187-188. Includes bibliographical references and index.
650 0 _aIndustries
_zSoviet Union.
_99254
650 0 _aAgriculture, Cooperative
_zSoviet Union.
_99510
650 0 _aFactory management
_zSoviet Union.
_99511
650 0 _aFarm management
_zSoviet Union.
_99512
700 1 _aSchwarz, Solomon M.
_99513
700 1 _aI︠U︡gov, Aron.
_99514
700 1 _aFeiler, Arthur,
_d1879-1942.
_99515
700 1 _aMarschak, Jacob,
_d1898-1977.
_99516
700 1 _aSolow, Herbert.
_99517
942 _2ddc
_cBK
999 _c2986
_d2986